Fixtures and historic buildings (Record no. 64207)

MARC details
000 -LEADER
fixed length control field 01016cam a2200265 4500
001 - CONTROL NUMBER
control field ABS62555
008 - FIXED-LENGTH DATA ELEMENTS--GENERAL INFORMATION
fixed length control field 000000n2000 000 0 eng u
035 ## - SYSTEM CONTROL NUMBER
System control number (Sirsi) u107390
100 ## - MAIN ENTRY--PERSONAL NAME
Personal name Palmer, N.
245 ## - TITLE STATEMENT
Title Fixtures and historic buildings
260 ## - PUBLICATION, DISTRIBUTION, ETC.
Date of publication, distribution, etc. 2000
490 ## - SERIES STATEMENT
Series statement Art Antiquity and Law
Volume/sequential designation 5(1) March 2000, 37-46(6)
520 ## - SUMMARY, ETC.
Summary, etc. Examines a recent decision concerning paintings, which used to be situated at Noseley Hall, Leicestershire. The appeal case provides an illustration of the rule that whether an object contained, or attached in a listed historic building is subject to the same planning regulations as the building, depends on whether the object is classified as a fixture in common law.
590 ## - LOCAL NOTE (RLIN)
Local note ABS
650 ## - SUBJECT ADDED ENTRY--TOPICAL TERM
Topical term or geographic name entry element LISTED BUILDINGS
650 ## - SUBJECT ADDED ENTRY--TOPICAL TERM
Topical term or geographic name entry element FIXTURES
650 ## - SUBJECT ADDED ENTRY--TOPICAL TERM
Topical term or geographic name entry element PLANNING REGULATIONS
650 ## - SUBJECT ADDED ENTRY--TOPICAL TERM
Topical term or geographic name entry element COMMON LAW
650 ## - SUBJECT ADDED ENTRY--TOPICAL TERM
Topical term or geographic name entry element NOSELEY HALL
650 ## - SUBJECT ADDED ENTRY--TOPICAL TERM
Topical term or geographic name entry element CHATTELLS
650 ## - SUBJECT ADDED ENTRY--TOPICAL TERM
Topical term or geographic name entry element PAINTINGS
690 ## - LOCAL SUBJECT ADDED ENTRY--TOPICAL TERM (OCLC, RLIN)
Topical term or geographic name as entry element Arts and antiques
9 (RLIN) 6217
700 ## - ADDED ENTRY--PERSONAL NAME
Personal name Hudson, A.
942 ## - ADDED ENTRY ELEMENTS (KOHA)
Suppress in OPAC 0
Holdings
Withdrawn status Lost status Source of classification or shelving scheme Damaged status Not for loan Home library Current library Shelving location Date acquired Total Checkouts Full call number Barcode Date last seen Copy number Price effective from Koha item type
    Dewey Decimal Classification     London London Journal article 31/07/2000   ABS62555 107390-1001 06/08/2019 1 06/08/2019 Journal article